000 00663nam a22002057a 4500
005 20140702115549.0
010 _aENG-109747
020 _a9788173818905
_c415.00
035 _aEN-93280
037 _bDBAD/PUB
082 _a540.76
100 _aRay, Bidhan Chandra
245 0 0 _aA Textbook on chemistry practical :
_cby Bidhan Chandra Ray [and] Satyanarayan Das
_bfor BSc (Hons.) and MSc students /
260 _aKolkata
_bNew Central Book Agency
_c2014
270 _a8/1 Chintamoni Das Lane
_bKolkata
_e700009
300 _axi,586p.
_c25cm(pbk)
500 _aIncludes index
700 _aDas, Satyanarayan
942 _2ddc
_cEN
_mRAY
_h540.76
999 _c83632
_d83632